Geographie economique de la Slovaquie

Saved in:
Bibliographic Details
Main Author: Mišúnová, Ema
Format: Book
Language:French
Published: Bratislava Vydavateľstvo Ekonóm 1998
Subjects:
Tags: Add Tag
No Tags, Be the first to tag this record!

MARC

LEADER 00000nam a2200000 4500
001 c100947
005 20221123132839.5
020 |a 80-225-0970-1 
041 0 |a fre 
044 |a SK 
245 1 0 |a Geographie economique de la Slovaquie  |c Ema Mišúnová 
264 1 |a Bratislava  |b Vydavateľstvo Ekonóm  |c 1998 
300 |a 136 s. 
610 2 0 |a geografia hospodárska 
610 2 0 |a podnebie 
610 2 0 |a zdroje prírodné 
610 2 0 |a obyvateľstvo 
610 2 0 |a populácia 
610 2 0 |a priemysel 
610 2 0 |a odvetvia priemyselné 
610 2 0 |a poľnohospodárstvo 
610 2 0 |a doprava 
610 2 0 |a turistika 
610 2 0 |a Slovensko 
100 1 |a Mišúnová, Ema